| 000 | 00000nes 2200000za 4500 |
| 001 | 9.510800 |
| 003 | CaOODSP |
| 005 | 20251128093605 |
| 006 | s|| m f0 | |
| 007 | aj |a||| |
| 008 | 150406c2002||||xxc|||| b##f | eng|d |
| 040 | |aCaOODSP|beng |
| 041 | |aeng |
| 041 | |afre |
| 043 | |an-cn--- |
| 086 | 1 |aM57-2/721 |
| 110 | 1 |aCanada.|bNatural Resources Canada. |bCentre for Topographic Information. |
| 245 | 10|aNational Topographic System. Series A721 |h[cartographic material] |
| 260 | |aOttawa - Ontario : |bNatural Resources Canada. |
| 780 | 00|tCanadian topographic maps |w(CaOODSP)9.511450 |
| 792 | |tSystème national de référence cartographique. Série A721 |efre|w(CaOODSP)9.510801 |